00965nam a2200277 a 450000100060000000300080000600500170001400800410003102000150007202000220008703500190010904000350012804100080016308200280017124500770019926000360027630000240031250400300033665000310036665000500039770000360044770000370048394200120052099900170053295201380054959694BD-RjUL20211209080747.0161226s1981 enk b 000 0 eng d a0043610455 a0043610463 (pbk.) a(BD-RjUL)59818 aBD-RjULcBD-RjULbengdBD-RjUL aeng 223a361.80941bREA 198100aReadings in community work /cedited by Paul Henderson, David N. Thomas. aLondon :bAllen & Unwin,c1981. ax, 198 p. ;c29 cm. aBibliography: p. 185-198. 0aSocial group work.9177652 0aCommunity developmentzGreat Britain.91776531 aHenderson, Paul,d1942-91776541 aThomas, David N.,d1945-9177655 2ddccBK c59694d59694 00102ddc40718NFICaRUCLbRUCLcReadingd1983-05-10eHefferg7.95l0o361.80941 REA 1981r2016-12-26 00:00:00tC-1w2016-12-26yBK